| Tag |
First Indicator |
Second Indicator |
Subfields |
| LEADER |
00000cam a2200000Ka 4500 |
| 001 |
in00001764591 |
| 005 |
20211202195737.0 |
| 006 |
m d f |
| 008 |
030529s2002 dcu s f000 0 eng d |
| 035 |
|
|
|a (OCoLC)ocm52339960
|
| 040 |
|
|
|a GPO
|c GPO
|d MvI
|d UtOrBLW
|
| 049 |
|
|
|a WWW
|
| 074 |
|
|
|a 0980-E (online)
|
| 086 |
0 |
|
|a ITC 1.12:731-TA-990/PRELIM.
|
| 110 |
2 |
|
|a United States International Trade Commission.
|
| 245 |
1 |
0 |
|a Non-malleable cast iron pipe fittings from China :
|b investigation no. 731-TA-990 (preliminary).
|
| 264 |
|
1 |
|a [Washington, D.C.] :
|b U.S. International Trade Commission,
|c [2002]
|
| 336 |
|
|
|a text
|b txt
|2 rdacontent
|
| 337 |
|
|
|a computer
|b c
|2 rdamedia
|
| 338 |
|
|
|a unspecified
|b zu
|2 rdacarrier
|
| 490 |
1 |
|
|a USITC publication ;
|v no. 3500
|
| 538 |
|
|
|a System requirements: Adobe Acrobat Reader.
|
| 538 |
|
|
|a Mode of access: Internet from the ITC web site. Address as of 5/29/03: ftp://ftp.usitc.gov/pub/reports/opinions/PUB3500.PDF; current access is available via PURL.
|
| 500 |
|
|
|a Title from title screen (viewed on May 29, 2003).
|
| 500 |
|
|
|a Electronic resource.
|
| 650 |
|
0 |
|a Pipe fittings industry
|z United States.
|
| 650 |
|
0 |
|a Pipe fittings industry
|z China.
|
| 650 |
|
0 |
|a Pipe fittings
|z United States.
|
| 650 |
|
0 |
|a Pipe fittings
|z China.
|
| 650 |
|
0 |
|a Iron pipe industry
|z United States.
|
| 650 |
|
0 |
|a Iron pipe industry
|z China.
|
| 650 |
|
0 |
|a Cast-iron pipe
|z United States.
|
| 650 |
|
0 |
|a Cast-iron pipe
|z China.
|
| 776 |
1 |
|
|a United States International Trade Commission.
|t Non-malleable cast iron pipe fittings from China
|h 1 v.
|w (OCoLC)49930385
|
| 830 |
|
0 |
|a USITC publication ;
|v 3500.
|
| 856 |
4 |
0 |
|u https://purl.fdlp.gov/GPO/LPS31516
|t 0
|
| 999 |
|
|
|a MARS
|
| 999 |
f |
f |
|s c9f48700-8f15-3c89-9a7a-1e8629ab93bc
|i c914165f-6b18-36e3-b8c6-5d1c5adf32db
|t 0
|
| 952 |
f |
f |
|a Texas A&M University
|b College Station
|c Electronic Resources
|d Available Online
|t 0
|e ITC 1.12:731-TA-990/PRELIM.
|h Superintendent of Documents classification
|
| 998 |
f |
f |
|a ITC 1.12:731-TA-990/PRELIM.
|t 0
|l Available Online
|